000 00269nam a22001217a 4500
008 170821b xxu||||| |||| 00| 0 eng d
041 _aeng
080 _26 ED
_a51
100 _a37
101 _aMAT
245 _aINTERMEDIATE ALGEBRA
_cWRIGHTS.F.D
942 _2udc
_cBK
999 _c24166
_d24166